000 00570cam a22001934a 4500
005 20250605164021.0
008 250528s ||||||||||||||||||||||||d
035 _a16328
020 _a486247872
040 _aGR-AtMCL
_bgre
_dGR-AtMCL
_eAACR2
245 1 _aDecorative and Display Numbers / 739 Complete Fonts
260 _bDover Publications, Inc,
_c1985
300 _a100
520 _aA book devoted solely to the almost infinite variety of decorative and display numbers.
700 1 _aSolo Julie
_92409
942 _cBK
999 _c1840
_d1840